| Virtuální polytechnická knihovna - Souborný katalog - Úplný záznam dokumentu - MARC |
Uživatel: --- |
-----nas 22-----zu 4500
001 SKVPK0031907
003 CZ-VPK
005 20260424134012.0
008 260424d19601963||||| | ||| || |||||||
040 $aABA013$bcze
222 0$aNuclear Engineering Abstracts
245 00$aNuclear Engineering Abstracts
260 $aVelká Británie :$bLondon : Silver end Documentary Publ.,$c1960-1963
650 07$afyzika$xfy$2psh
910 $aABA013$r1960-1961, 1963
| čtvrtek 14.05.2026 00:04:34 |
© 2001-2015 Národní technická knihovna |
[Virtuální polytechnická knihovna]
[Servisní centrum]
[Souborný katalog]